Most Japanese US Cities - Statistics

General Stats
  • This quiz has been taken 31 times
  • The average score is 7 of 37
Answer Stats
Percentage Answer % Correct
1.0% Los Angeles
93%
1.6% Seattle
90%
1.5% San Francisco
86%
23.3% Honolulu
76%
1.5% San Jose
66%
1.6% Sacramento
52%
26.7% Hilo
34%
3.6% Irvine
17%
2.3% Berkely
14%
31.1% Pearl City
10%
2.6% Bellevue
7%
4.6% Cupertino
7%
2.5% Dublin
7%
23.6% Kaneohe
7%
2.7% Sunnyvale
7%
10.1% Torrance
7%
31.9% Aiea
3%
3.2% Cerritos
3%
11.6% Gardena
3%
20.2% Halawa
3%
10.2% Kapaa
3%
2.7% Lomita
3%
2.6% Mercer Island
3%
24.9% Mililani Town
3%
7.4% Monterrey Park
3%
2.9% Newcastle
3%
4.5% Novi
3%
4.4% Palos Verdes
3%
7.9% Rancho Palos Verde
3%
2.6% Redondo beach
3%
7.8% Rolling Hills
3%
3.9% Rye
3%
20.7% Wahiawa
3%
22.8% Wailuku
3%
28.8% Waimalu
3%
10.5% Waipahu
3%
23.4% Waipio
3%
No matching quizzes found
Score Distribution
Percent of People with Each Score
Percentile by Number Answered
Your Score History
You have not taken this quiz